000 00444nam a2200181Ia 4500
005 20250603145345.0
008 250603s9999 xx 000 0 und d
020 _a9788120327269
050 _aTS 230 .R385/
100 _aRavi, B.
245 0 _aMetal casting : computer-aided design and analysis
260 _aNew Delhi
260 _bPHI Learning private LTD
260 _c2005
300 _a158 p
650 _aNew Delhi
942 _cBK
999 _c41628
_d41628